|
|
|
|
| LEADER |
00000naa a2200000 i 4500 |
| 001 |
publ524 |
| 005 |
20151110112905.0 |
| 008 |
151110s2005 hu o 000 zxx d |
| 040 |
|
|
|a BGE Publikációtár Repozitórium
|b hun
|
| 100 |
1 |
|
|a Csányi Eszter
|
| 245 |
1 |
0 |
|a Fordítási nehézségek az üzleti nyelvben
|c Csányi Eszter
|h [elektronikus dokumentum]
|
| 260 |
|
|
|a Budapesti Gazdasági Főiskola
|b Budapest
|c 2005
|
| 300 |
|
|
|a 317-321
|
| 490 |
0 |
|
|a Tudományos Évkönyv 2004: Tudástranszfer és információs társadalom
|
| 650 |
|
4 |
|a nyelvtudományok
|
| 695 |
|
|
|a Fordítás
|
| 695 |
|
|
|a Üzleti nyelv
|
| 856 |
4 |
0 |
|u https://publikaciotar.uni-bge.hu/id/eprint/524/1/Cs%C3%A1nyi%20Eszter%20-%20Ford%C3%ADt%C3%A1si%20neh%C3%A9zs%C3%A9gek%20az%20%C3%BCzleti%20nyelvben%20%28n%C3%A9met%20%C3%A9s%20magyar%20%C3%BAjs%C3%A1gcikkek%20alapj%C3%A1n%29.pdf
|z Dokumentum-elérés
|